| 000 | 01413nam a2200301Ia 4500 | ||
|---|---|---|---|
| 003 | OSt | ||
| 005 | 20200917121933.0 | ||
| 008 | 191128t2009 sp ao gr 000 0dspa d | ||
| 020 | _a9788475566474 | ||
| 040 |
_aCO-JMCR _cCO-JMCR |
||
| 041 | 1 |
_aspa _heng |
|
| 082 | 0 | 4 |
_a790.13 / _bS915v _223 |
| 100 | 1 |
_aStreet-Porter, Janet, _910340 _eautora |
|
| 245 | 1 | 3 |
_aLa vida son cuatro p***s días ¡vívela! : _cJanet Street-Porter; traductora Agnés Felis Prósper _bguía para no malgastar energía, tiempo ni dinero / |
| 260 |
_aBarcelona : _bOceano, _c©2009 |
||
| 300 |
_a176 páginas : _bilustraciones y fotografías a color ; _c25 cm. |
||
| 500 | _aIncluye datos biográficos de la autora. | ||
| 505 | 0 | _aManifiesto JSP -- Belleza -- Dieta -- Alimentos -- Hombres -- Amigos -- Trabajo -- Viajes -- Decoración -- Moda -- Ética -- Conclusión | |
| 520 | 3 | _aLa vida es demasiado corta para deprimirse por no ser más joven, gastar un dineral en cremas faciales, intentar tener una talla 36, cocinar como los chefs de la tele, creerse todo lo que dicen los hombres, hablar con gente aburrida. | |
| 534 | _pLife too f***ing short | ||
| 546 | _atraducción del inglés | ||
| 650 | 1 | 4 |
_aActividades recreativas _910341 |
| 650 | 1 | 4 |
_aFelicidad _9413 |
| 650 | 1 | 4 |
_aRelaciones humanas _9871 |
| 650 | 1 | 4 |
_aMente y cuerpo _910350 |
| 700 | 1 |
_aFelis Prósper, Agnés, _etraductora _910351 |
|
| 942 |
_2ddc _cBK |
||
| 999 |
_c4032 _d4032 |
||